| 000 | 01056nam a22002777a 4500 | ||
|---|---|---|---|
| 001 | 9655 | ||
| 003 | FISKH | ||
| 005 | 20260128100230.0 | ||
| 008 | 260128b cb ||||| |||| 00| 0 eng d | ||
| 020 | _a9781730156601 | ||
| 040 |
_aFISKH _beng _cFISKH _dFISKH |
||
| 050 | _aPZ7 | ||
| 082 | _a398.2 | ||
| 100 |
_aGupta, Prashant _eAuthor |
||
| 245 |
_aSinbad the sailor : _bPre-school see-and-read story books / _cEdited by Prashant Gupta ; illustrated by Harvinder Mankkar |
||
| 260 |
_aNew Delhi : _bDreamland Publications , _c2003 |
||
| 300 |
_a16 pages : _bcolor illustrations ; _c26 cm |
||
| 505 | _aC | ||
| 520 | _aWe have specially published these books with their favorite characters and other things in pictures to catch the attention of the children of pre-school age. Children can recognize the characters and things while reading the stories. | ||
| 521 | 8 |
_a50
_bLexile estimate |
|
| 521 | 8 |
_aC
_bRaz-Plus |
|
| 650 |
_aPicture book _vSinbad |
||
| 700 |
_aMankkar, Harvinder _eIllustrator |
||
| 942 |
_2ddc _cBK _n0 |
||
| 999 |
_c9655 _d9655 |
||